000 00283nam a2200109Ia 4500
008 230320s9999||||xx |||||||||||||| ||spa||
082 _a193/L42N
100 _aLeibniz, Gottfried Wilhelm
245 0 _aNuevo Tratado Sobre El Entendimiento Humano
260 _bAguilar
942 _83
_cLIB
999 _c26331
_d26331